000 00329nam a22001457a 4500
008 210607b ||||| |||| 00| 0 eng d
020 _a9780716737414
041 _aeng
080 _a574
082 _a574
100 _a9
101 _aMJE
245 _aEarth's Climate Past and Future
_cWilliam F. Ruddiman
942 _2udc
_cBK
999 _c58031
_d58031